Estatísticas para Cultura Geral

Clique aqui para jogar o quiz

Estatísticas Gerais

  • Esse quiz foi jogado 18 vezes
  • A pontuação média é 8 de 15

Estatísticas das Respostas

HintResposta% Correto
O que significa a sigla ONU?Organização das Nações Unidas
100%
Que figura mitológica inspira o amor romântico com seu arco e flecha?Cupido
88%
Em que parte do Oceano Atlântico se diz que navios e aeronaves desapareceram misteriosamente?Triângulo das Bermudas
81%
Qual é o mínimo de jogadores com que uma equipa de futebol pode jogar?7
75%
Quantos minutos dura um jogo de futebol?90
75%
Quem é o vilão de "Vingadores: Guerra Infinita"?Thanos
75%
Qual cidade foi a primeira a ser governada como uma democracia?Atenas
63%
O que usa o capitão de uma equipa de futebol que o difere dos outros jogadores?Braçadeira
50%
Numa equipa de futebol como se chama o jogador que está na baliza?Guarda-redes
50%
De que país faz parte a ilha de Zanzibar?Tanzânia
50%
Como se chamam as duas linhas localizadas ao longo de um campo de futebol?Laterais
38%
Em que cidade você encontraria a Catedral de São Paulo?Londres
31%
Quem foi a primeira mulher primeira-ministra do Reino Unido?Margaret Thatcher
25%
Como se chama a linha que divide o campo de futebol a meio?Meio-campo
25%
Quem foi eleito senador pelo estado de Nova York no ano 2000?Hillary Clinton
19%

Distribuição das Pontuações

Percentil de Números Respondidos

Porcentagem de Pessoas com Cada Pontuação

Sua Pontuação Histórica

Você não jogou esse quiz